<?xml version="1.0" encoding="UTF-8"?>
<record
    xmlns:xsi="http://www.w3.org/2001/XMLSchema-instance"
    xsi:schemaLocation="http://www.loc.gov/MARC21/slim http://www.loc.gov/standards/marcxml/schema/MARC21slim.xsd"
    xmlns="http://www.loc.gov/MARC21/slim">

  <leader>02811nam a2200361 a 4500</leader>
  <controlfield tag="001">000016096</controlfield>
  <controlfield tag="003">DO-SdBNP</controlfield>
  <controlfield tag="005">20180316101537.0</controlfield>
  <controlfield tag="007">000016096</controlfield>
  <controlfield tag="008">100225s2008    dr a          001 0 spa d</controlfield>
  <datafield tag="020" ind1=" " ind2=" ">
    <subfield code="a">9789993425755</subfield>
  </datafield>
  <datafield tag="040" ind1=" " ind2=" ">
    <subfield code="a">BPMSU</subfield>
    <subfield code="b">spa</subfield>
    <subfield code="c">BPMSU</subfield>
  </datafield>
  <datafield tag="092" ind1=" " ind2=" ">
    <subfield code="a">658.154</subfield>
    <subfield code="b">S838p</subfield>
  </datafield>
  <datafield tag="100" ind1="1" ind2=" ">
    <subfield code="a">Sterling O., Fanny</subfield>
  </datafield>
  <datafield tag="245" ind1="1" ind2="0">
    <subfield code="a">Del presupuesto al plan anual de utilidades :</subfield>
    <subfield code="b">evoluci&#xF3;n de la presupuestaci&#xF3;n en los sistemas de planeamiento en las empresas /</subfield>
    <subfield code="c">Fanny Sterling O. ; pr&#xF3;logo Paulo Herrera Maluf.</subfield>
  </datafield>
  <datafield tag="260" ind1=" " ind2=" ">
    <subfield code="a">Santo Domingo, :</subfield>
    <subfield code="b">INTEC,</subfield>
    <subfield code="c">2008.</subfield>
  </datafield>
  <datafield tag="300" ind1=" " ind2=" ">
    <subfield code="a">192 p. :</subfield>
    <subfield code="b">il. ;</subfield>
    <subfield code="c">23 cm.</subfield>
  </datafield>
  <datafield tag="500" ind1=" " ind2=" ">
    <subfield code="a">Incluye datos biogr&#xE1;ficos de la autora en la solapa de la cubierta</subfield>
  </datafield>
  <datafield tag="504" ind1=" " ind2=" ">
    <subfield code="a">Bibliograf&#xED;a: p. 187-192</subfield>
  </datafield>
  <datafield tag="505" ind1="0" ind2=" ">
    <subfield code="t">Introducci&#xF3;n -- </subfield>
    <subfield code="t">El contexto evolutivo de la presupuestaci&#xF3;n El paralelismo evolutivo de la administraci&#xF3;n como ciencia aplicada y el presupuesto --</subfield>
    <subfield code="t"> El producto del pensamiento administrativo : las herramientas t&#xE9;cnicas como instrumentos de trabajo de la gerencia -- </subfield>
    <subfield code="t">De las herramientas gerenciales de la sociedad industrial a las de la sociedad de la informaci&#xF3;n --</subfield>
    <subfield code="t"> Las t&#xE9;cnicas y enfoques surgidos en la sociedad industrial 35 Las t&#xE9;cnicas y enfoques de la sociedad de la informaci&#xF3;n --</subfield>
    <subfield code="t"> La evoluci&#xF3;n del presupuesto como herramienta gerencial : un caso de excepci&#xF3;n Una evoluci&#xF3;n interesante del presupuesto de la sociedad industrial al plan anual de utilidades de la sociedad de la informaci&#xF3;n -- </subfield>
    <subfield code="t">Evoluci&#xF3;n de la presupuestaci&#xF3;n en los sistemas de planeamiento en las empresas --</subfield>
    <subfield code="t"> Evoluci&#xF3;n del planeamiento en las organizaciones --</subfield>
    <subfield code="t"> Las 5 etapas en la evoluci&#xF3;n del planeamiento en las organizaciones --</subfield>
    <subfield code="t"> Etapa I (1910-193X) : presupuestos anuales --</subfield>
    <subfield code="t"> Etapa II (194X-195X) : presupuestos y proyecciones a largo plazo -- </subfield>
    <subfield code="t">Etapas III (1960-1965) y IV (1965-197X) : plan anual de utilidades, planeamiento estrat&#xE9;gico y la estrategia --</subfield>
    <subfield code="t"> Etapa V (1979-20XX)) : plan anual de utilidades y la administraci&#xF3;n estrat&#xE9;gica --</subfield>
    <subfield code="t"> Evoluci&#xF3;n de la presupuestaci&#xF3;n : s&#xED;ntesis valorativa --</subfield>
    <subfield code="t"> Los trends de la presupuestaci&#xF3;n -- </subfield>
    <subfield code="t">La presupuestaci&#xF3;n y el plan anual de utilidades : una mirada prospectiva -- </subfield>
    <subfield code="t">Necesidad de cambios en el proceso de presupuestaci&#xF3;n -- </subfield>
    <subfield code="t">La prospectiva.</subfield>
  </datafield>
  <datafield tag="650" ind1=" " ind2="4">
    <subfield code="a">PRESUPUESTO (EMPRESAS PRIVADAS)</subfield>
  </datafield>
  <datafield tag="650" ind1=" " ind2="4">
    <subfield code="a">ADMINISTRACI&#xD3;N FINANCIERA</subfield>
  </datafield>
  <datafield tag="650" ind1=" " ind2="4">
    <subfield code="a">PRESUPUESTO</subfield>
  </datafield>
  <datafield tag="700" ind1="1" ind2="2">
    <subfield code="a">Herrera Maluf, Paulo</subfield>
    <subfield code="e">pr&#xF3;l.</subfield>
  </datafield>
  <datafield tag="710" ind1="2" ind2="2">
    <subfield code="a">Instituto Tecnol&#xF3;gico de Santo Domingo</subfield>
  </datafield>
  <datafield tag="910" ind1=" " ind2=" ">
    <subfield code="a">Validado. Control de calidad MFF</subfield>
  </datafield>
  <datafield tag="942" ind1=" " ind2=" ">
    <subfield code="2">ddc</subfield>
    <subfield code="c">BK</subfield>
  </datafield>
  <datafield tag="945" ind1=" " ind2=" ">
    <subfield code="a">Inventariado, 2018 / BT</subfield>
  </datafield>
  <datafield tag="952" ind1=" " ind2=" ">
    <subfield code="0">0</subfield>
    <subfield code="1">0</subfield>
    <subfield code="2">ddc</subfield>
    <subfield code="4">0</subfield>
    <subfield code="7">0</subfield>
    <subfield code="8">CD</subfield>
    <subfield code="a">BPMET</subfield>
    <subfield code="b">BPMET</subfield>
    <subfield code="d">2015-08-10</subfield>
    <subfield code="e">FUNDI</subfield>
    <subfield code="l">0</subfield>
    <subfield code="p">BPMSU15080256</subfield>
    <subfield code="r">2015-08-10</subfield>
    <subfield code="w">2015-08-10</subfield>
    <subfield code="y">BK</subfield>
  </datafield>
  <datafield tag="956" ind1=" " ind2=" ">
    <subfield code="a">IGARCIA</subfield>
    <subfield code="b">10</subfield>
    <subfield code="c">20100312</subfield>
    <subfield code="l">BND01</subfield>
    <subfield code="h">0937</subfield>
  </datafield>
  <datafield tag="956" ind1=" " ind2=" ">
    <subfield code="a">ARIVERA</subfield>
    <subfield code="b">10</subfield>
    <subfield code="c">20110120</subfield>
    <subfield code="l">BND01</subfield>
    <subfield code="h">1400</subfield>
  </datafield>
  <datafield tag="956" ind1=" " ind2=" ">
    <subfield code="a">MFILETO</subfield>
    <subfield code="b">40</subfield>
    <subfield code="c">20140519</subfield>
    <subfield code="l">BND01</subfield>
    <subfield code="h">0954</subfield>
  </datafield>
  <datafield tag="956" ind1=" " ind2=" ">
    <subfield code="a">VMATEO</subfield>
    <subfield code="b">10</subfield>
    <subfield code="c">20150810</subfield>
    <subfield code="l">BPMSU</subfield>
    <subfield code="h">00151</subfield>
  </datafield>
  <datafield tag="999" ind1=" " ind2=" ">
    <subfield code="c">8149</subfield>
    <subfield code="d">8149</subfield>
  </datafield>
</record>
